000 00516nam a2200193Ia 4500
005 20250508154823.0
008 008 250505s9999 xx 000 0 eng d
037 _aTextual
040 _aFEDL
_beng
_cFEDL
041 _aeng
_2eng
084 _a301, BOR
_qFEDL
100 _aBorsodi Ralph
245 0 _aSeventeen problems of man and society
260 _aIndia
_bCharotar Book Stall
_c1968
300 _aviii,595p
650 _aSociology
942 _cTEXL
_h301, BOR
999 _c1352309
_d1352309